[Event "Capablanca Memorial"]
[Site "Rio de Janeiro"]
[Date "1999.04.07"]
[Round "2"]
[White "De Britto, Ricardo Marzullo"]
[Black "Dos Santos, Tadeu"]
[Result "0-1"]
[WhiteElo "2169"]
[BlackElo "2000"]
[PlyCount "44"]
[EventDate "1999.??.??"]
[EventType "tourn"]
[EventRounds "9"]
[EventCountry "BRA"]
[SourceTitle "EXT 2000"]
[Source "ChessBase"]
[SourceDate "1999.11.16"]
[SourceVersion "1"]
[SourceVersionDate "1999.11.16"]
[SourceQuality "1"]

1. Nf3 Nf6 2. g3 d5 3. c4 e6 4. Bg2 Be7 5. 0-0 0-0 6. b3 c6 7. Bb2 Nbd7 8. d3 Qb6 9. Qc2 h6 10. e3 Rd8 11. Nbd2 a5 12. d4 a4 13. c5 Qa7 14. a3 axb3 15. Nxb3 b5 16. Nc1 Qa4 17. Qxa4 Rxa4 18. Nd3 Ne4 19. Rfc1 Bb7 20. Bc3 Nxc3 21. Rxc3 Rda8 22. Nb4 Rxb4 0-1

[Event "Capablanca Memorial"]
[Site "Rio de Janeiro"]
[Date "1999.??.??"]
[Round "7"]
[White "Dos Santos, Tadeu"]
[Black "Andrade, Luciano Nilo"]
[Result "1-0"]
[WhiteElo "2000"]
[BlackElo "2000"]
[PlyCount "65"]
[EventDate "1999.??.??"]
[EventType "tourn"]
[EventRounds "9"]
[EventCountry "BRA"]
[SourceTitle "EXT 2000"]
[Source "ChessBase"]
[SourceDate "1999.11.16"]
[SourceVersion "1"]
[SourceVersionDate "1999.11.16"]
[SourceQuality "1"]

1. e4 e5 2. Nf3 Nc6 3. d4 exd4 4. Nxd4 Bc5 5. Be3 Qf6 6. c3 d6 7. Bc4 Ne5 8. Be2 Qg6 9. f3 Qxg2 10. Rg1 Qxh2 11. Nd2 g6 12. Nf1 Qh4+ 13. Bf2 Qe7 14. Qb3 c6 15. 0-0-0 Be6 16. Qa4 b5 17. Qc2 Bc4 18. f4 Bxd4 19. Bxd4 c5 20. fxe5 Bxe2 21. Qxe2 cxd4 22. exd6 Qxd6 23. Rxd4 Qf4+ 24. Ne3 a6 25. Rf1 Qg5 26. Qf3 Nh6 27. Rd5 Qe7 28. Qf4 g5 29. Rxg5 f6 30. Rh5 Nf7 31. Nd5 Qd6 32. Nxf6+ Kf8 33. Nxh7+ 1-0

[Event "Capablanca Memorial"]
[Site "Rio de Janeiro"]
[Date "1999.??.??"]
[Round "3"]
[White "Dos Santos, Tadeu"]
[Black "Gomes, Daniel Vaz"]
[Result "1-0"]
[WhiteElo "2000"]
[BlackElo "2000"]
[PlyCount "41"]
[EventDate "1999.??.??"]
[EventType "tourn"]
[EventRounds "9"]
[EventCountry "BRA"]
[SourceTitle "EXT 2000"]
[Source "ChessBase"]
[SourceDate "1999.11.16"]
[SourceVersion "1"]
[SourceVersionDate "1999.11.16"]
[SourceQuality "1"]

1. e4 e5 2. f4 exf4 3. Nf3 Be7 4. Bc4 Nf6 5. Nc3 d6 6. d4 0-0 7. 0-0 Bg4 8. Bxf4 Nc6 9. Be3 Na5 10. Bd3 Re8 11. Qe1 h6 12. Qg3 Kh8 13. e5 dxe5 14. dxe5 Bxf3 15. Rxf3 Nh7 16. Bxh6 gxh6 17. Bxh7 Qd4+ 18. Kh1 Bh4 19. Qh3 Kxh7 20. Rxf7+ Kh8 21. Qf5 1-0